Geology of the San Jose-Mount Hamilton area, California. (Record no. 28551)

MARC details
000 -LEADER
fixed length control field 00891cam a22002651 4500
001 - CONTROL NUMBER
control field gs 51000124
003 - CONTROL NUMBER IDENTIFIER
control field DLC
005 - DATE AND TIME OF LATEST TRANSACTION
control field 20260227111357.0
008 - FIXED-LENGTH DATA ELEMENTS--GENERAL INFORMATION
fixed length control field 760812s1951 cau b s001 0 eng
010 ## - LIBRARY OF CONGRESS CONTROL NUMBER
LC control number gs 51000124
035 ## - SYSTEM CONTROL NUMBER
System control number (OCoLC)2367426
040 ## - CATALOGING SOURCE
Original cataloging agency DLC
Transcribing agency TxEU
Modifying agency WaChenE
-- DLC
043 ## - GEOGRAPHIC AREA CODE
Geographic area code n-us-ca
050 00 - LIBRARY OF CONGRESS CALL NUMBER
Classification number TN24.C2
Item number A3 no. 157
051 ## - LIBRARY OF CONGRESS COPY, ISSUE, OFFPRINT STATEMENT
Classification number QE90.S142
Item number C7
082 ## - DEWEY DECIMAL CLASSIFICATION NUMBER
Classification number 557.94
100 1# - MAIN ENTRY--PERSONAL NAME
Personal name Crittenden, Max D.,
Titles and words associated with a name Jr.
245 10 - TITLE STATEMENT
Title Geology of the San Jose-Mount Hamilton area, California.
260 ## - PUBLICATION, DISTRIBUTION, ETC.
Place of publication, distribution, etc. San Francisco,
Date of publication, distribution, etc. 1951.
300 ## - PHYSICAL DESCRIPTION
Extent 74 p.
Other physical details illus., plates, 2 fold. col. maps (in pocket)
Dimensions 24 cm.
490 1# - SERIES STATEMENT
Series statement California. Dept. of Natural Resources. Division of Mines. Bulletin,
Volume/sequential designation 157
504 ## - BIBLIOGRAPHY, ETC. NOTE
Bibliography, etc. note Bibliography: p. 65-67.
650 #0 - SUBJECT ADDED ENTRY--TOPICAL TERM
Topical term or geographic name entry element Geology
Geographic subdivision California
-- San Jose-Mount Hamilton Region.
830 #0 - SERIES ADDED ENTRY--UNIFORM TITLE
Uniform title Bulletin (California. Division of Mines) ;
Volume/sequential designation no. 157.

No items available.

Powered by Koha